| 000 | 00487 a2200181 4500 | ||
|---|---|---|---|
| 260 | _aParis | ||
| 100 | _aMILSANT,Jeanne. | ||
| 260 | _bEyrolles | ||
| 245 | _aLexique d'informatique des mots et des idées.Logique câblée,ordinateur et microprocesseurs avec index alphabétique:anglais-français. | ||
| 300 | _a122p. | ||
| 650 | _aOUVRAGE DE REFERENCE | ||
| 650 | _aINFORMATIQUE | ||
| 260 | _c1981 | ||
| 130 | _lFr. | ||
| 690 | _aINFORMATIQUE. | ||
| 999 |
_c24441 _d24441 |
||